[Event "Fouesnant op 14th"]
[Site "Fouesnant"]
[Date "2008.10.26"]
[Round "3"]
[White "Roussel, Stephane"]
[Black "Mallejac, Germain"]
[Result "1-0"]
[WhiteElo "1499"]
[BlackElo "1300"]
[PlyCount "63"]
[EventDate "2008.10.25"]
[EventType "swiss"]
[EventRounds "9"]
[EventCountry "FRA"]
[SourceTitle "EXT 2009"]
[Source "ChessBase"]
[SourceDate "2008.11.26"]
[SourceVersion "1"]
[SourceVersionDate "2008.11.26"]
[SourceQuality "1"]

1. Nf3 d5 2. g3 Nf6 3. Bg2 e6 4. 0-0 c5 5. d3 Nc6 6. Bg5 Be7 7. c4 0-0 8. Na3 Re8 9. d4 cxd4 10. Nxd4 h6 11. Nxc6 bxc6 12. Bf4 Bxa3 13. bxa3 dxc4 14. Qxd8 Rxd8 15. Bxc6 Rb8 16. Bxb8 a6 17. Rad1 Nd5 18. Bc7 Rf8 19. Bxd5 exd5 20. Rxd5 Be6 21. Rd8 Rxd8 22. Bxd8 Kf8 23. Ba5 Ke7 24. Rb1 Kd6 25. f4 Kd5 26. e3 Ke4 27. Kf2 Kd3 28. Rb6 c3 29. Rd6+ Kc2 30. Rc6 Kb2 31. Bxc3+ Kxa2 32. Rxa6 1-0

[Event "Finistere-ch"]
[Site "Finistere"]
[Date "2002.11.09"]
[Round "2"]
[White "Mallejac, Germain"]
[Black "Catusse, Didier"]
[Result "0-1"]
[WhiteElo "1360"]
[BlackElo "1520"]
[PlyCount "98"]
[EventDate "2003.10.19"]
[EventType "swiss"]
[EventRounds "7"]
[EventCountry "FRA"]
[SourceTitle "EXT 2008"]
[Source "ChessBase"]
[SourceDate "2007.11.25"]
[SourceVersion "1"]
[SourceVersionDate "2007.11.25"]
[SourceQuality "1"]

1. d4 d5 2. c4 dxc4 3. Nc3 Nf6 4. Nf3 e6 5. Bg5 Be7 6. e4 0-0 7. Bxc4 a6 8. 0-0 b5 9. Bd3 h6 10. Bxf6 Bxf6 11. e5 Be7 12. Be4 Ra7 13. Ne2 Bb7 14. Bc2 Bxf3 15. gxf3 Bg5 16. Kh1 Nc6 17. Rg1 Ne7 18. Rg3 Nd5 19. Qd3 f5 20. Rag1 c6 21. h4 Bxh4 22. Rh3 Bg5 23. Rg2 Kf7 24. Kg1 Ke8 25. Kf1 a5 26. Ng3 Nf4 27. Qb3 Qd5 28. Qxd5 cxd5 29. Rh1 Nxg2 30. Kxg2 Rff7 31. f4 Bxf4 32. b3 Rfc7 33. Bd3 Bxg3 34. Bxb5+ Kf8 35. Kxg3 Rc2 36. Kf3 Rac7 37. Kg2 Rd2 38. a4 Rxd4 39. Rh3 Rg4+ 40. Kf1 Rb4 41. Rg3 g5 42. Rh3 Kg7 43. Rg3 f4 44. Rd3 h5 45. f3 h4 46. Kg2 Kg6 47. Rxd5 exd5 48. e6 Rxb3 49. Bd7 Kf6 0-1

[Event "FRA-chT4 Ligue Bretagne 0102"]
[Site "Bretagne"]
[Date "2002.02.03"]
[Round "5"]
[White "Mallejac, Germain"]
[Black "Le Gall, Lucie"]
[Result "0-1"]
[WhiteElo "1300"]
[BlackElo "1670"]
[PlyCount "54"]
[EventDate "2001.10.??"]
[EventType "team"]
[EventRounds "7"]
[EventCountry "FRA"]
[SourceTitle "EXT 2008"]
[Source "ChessBase"]
[SourceDate "2007.11.25"]
[SourceVersion "1"]
[SourceVersionDate "2007.11.25"]
[SourceQuality "1"]

1. d4 Nf6 2. c4 g6 3. Nf3 Bg7 4. Bg5 c5 5. d5 Ne4 6. Qc2 d6 7. Nbd2 Nxg5 8. Nxg5 e6 9. Ngf3 exd5 10. cxd5 0-0 11. e4 Re8 12. Bd3 Na6 13. a3 Rb8 14. 0-0 b5 15. Rab1 c4 16. Be2 Nc5 17. Rfc1 Qe7 18. Re1 Nxe4 19. Nxe4 Qxe4 20. Qxe4 Rxe4 21. Bf1 Rxe1 22. Nxe1 Bf5 23. Rd1 Bxb2 24. a4 bxa4 25. Bxc4 a3 26. Nf3 Bc2 27. Ba2 Bxd1 0-1